000 00508nam a2200205Ia 4500
003 OSt
005 20251206103922.0
008 250729s2005 xx 000 0 und d
020 _a978-8171413997
040 _cAL
041 _aeng
082 _a370.15 REDS
100 _aReddy Lokanadha
_9225943
245 _aSlow learners-their psychology and instruction
260 _aNew Delhi
_c2005
300 _a302p
650 _aEducation
_9225944
700 _aRao Digumurthi
_9225945
942 _2ddc
_cBED
999 _c237127
_d237127